[Event "50th Rilton Cup 2022-23"]
[Site "Stockholm SWE"]
[Date "2023.01.04"]
[Round "8.28"]
[White "Kononenko, Dmitry2"]
[Black "Keinanen, Toivo"]
[Result "0-1"]
[WhiteTitle "FM"]
[BlackTitle "IM"]
[WhiteElo "2301"]
[BlackElo "2508"]
[WhiteFideId "14113538"]
[BlackFideId "509825"]
[EventDate "2022.12.27"]

1. d4 d5 2. c4 e6 3. Nf3 Nf6 4. Nc3 h6 5. g3 Bd6 6. Bg2 O-O 7. O-O Nc6 8. b3 Re8
9. Bb2 dxc4 10. bxc4 e5 11. d5 Na5 12. Nd2 b6 13. Rc1 Ba6 14. Nce4 Nxe4 15. Bxe4
Bc8 16. Qc2 Bh3 17. Bg2 Qd7 18. e3 Nb7 19. Ne4 Bxg2 20. Kxg2 f5 21. Nd2 e4 22.
Nb3 Kh7 23. f4 a5 24. Rcd1 a4 25. Nd4 a3 26. Ba1 Nc5 27. Qc3 Na4 28. Qb3 Qf7 29.
Ne6 Nc5 30. Nxc5 Bxc5 31. Be5 Qd7 32. Qc3 Bd6 33. Rb1 Ra5 34. Rb3 Qe7 35. Bd4
Bc5 36. Be5 Bd6 37. Bd4 Bc5 38. Be5 Rea8 39. g4 g6 40. Kh1 Rg8 41. Rg1 Raa8 42.
Rbb1 Qd7 43. Rg3 fxg4 44. Rbg1 c6 45. d6 Rad8 46. Rxg4 Bxd6 47. Bxd6 Qxd6 48. f5
g5 49. Rxe4 Rge8 50. Qc2 Qf6 51. Rxe8 Rxe8 52. Rd1 Rxe3 53. Rd7+ Kg8 54. Qd1
Qxf5 55. Rd8+ Kh7 56. Rd7+ Kg6 57. Rd6+ Re6 58. Rxe6+ Qxe6 59. Qd3+ Qf5 60. Qd6+
Kh5 61. Qd1+ g4 62. Qe1 b5 63. Qe8+ Kg5 64. Qe7+ Qf6 65. Qe3+ Kh5 66. Qe8+ Kh4
67. Qe1+ Kg5 68. Qe3+ Kf5 69. Qxa3 bxc4 70. Kg2 Ke4 71. Qa4 Qf3+ 72. Kg1 Kd3 73.
Qa6 h5 74. Qa3+ c3 75. Qd6+ Ke2 0-1

[Event "50th Rilton Cup 2022-23"]
[Site "Stockholm SWE"]
[Date "2023.01.04"]
[Round "8.29"]
[White "Tanmay, Chopra"]
[Black "Milikow, Yoav"]
[Result "1/2-1/2"]
[WhiteTitle "FM"]
[BlackTitle "IM"]
[WhiteElo "2329"]
[BlackElo "2416"]
[WhiteFideId "25630946"]
[BlackFideId "2822237"]
[EventDate "2022.12.27"]

1. d4 Nf6 2. c4 e6 3. Nf3 d5 4. Nc3 c5 5. cxd5 cxd4 6. Qxd4 exd5 7. e4 dxe4 8.
Qxd8+ Kxd8 9. Ng5 Be6 10. Nxe6+ fxe6 11. Bg5 h6 12. Bxf6+ gxf6 13. O-O-O+ Ke7
14. Nxe4 f5 15. Nd6 Bg7 16. Bc4 Nc6 17. Rhe1 Ne5 18. Bb3 Rhd8 19. Nxb7 Nd3+ 20.
Kb1 Nxe1 21. Nxd8 Rxd8 22. Rxe1 Rd2 23. Rxe6+ Kf8 24. Ra6 Rxf2 25. Bd5 Rxb2+ 26.
Kc1 Rb5 27. Bb3 Bd4 28. Rg6 Rb6 29. Rxb6 Bxb6 30. Kd2 Kg7 31. Ke2 Kf6 32. Kf3 1/2-1/2

[Event "50th Rilton Cup 2022-23"]
[Site "Stockholm SWE"]
[Date "2023.01.04"]
[Round "8.30"]
[White "Falkevall, Axel"]
[Black "Akesson, Ralf"]
[Result "1-0"]
[WhiteTitle "FM"]
[BlackTitle "GM"]
[WhiteElo "2287"]
[BlackElo "2404"]
[WhiteFideId "1735560"]
[BlackFideId "1700120"]
[EventDate "2022.12.27"]

1. e4 c6 2. d4 d5 3. e5 Bf5 4. h4 h5 5. c4 e6 6. Nc3 Ne7 7. Nge2 dxc4 8. Ng3 Bd3
9. Bxd3 cxd3 10. Qxd3 Nd7 11. Qe2 Nd5 12. Bg5 Qa5 13. O-O Nxc3 14. bxc3 Qxc3 15.
Rab1 Nb6 16. d5 exd5 17. e6 f6 18. e7 Bxe7 19. Nf5 Qe5 20. Qxe5 fxe5 21. Bxe7 g6
22. Bf6 O-O 23. Ne7+ Kh7 24. Bg5 Rae8 25. a4 Rf7 26. a5 Nc8 27. Nxc8 Rxc8 28.
Rfe1 e4 29. Be3 a6 30. Bc5 Rd8 31. Rb4 Rdd7 32. Reb1 Kg7 33. Kf1 Kf6 34. Ke2 Ke5
35. Ke3 Ke6 36. R1b2 Ke5 37. Rd2 Ke6 38. Rd1 Rf5 39. Rbd4 Rdf7 40. R4d2 Ke5 41.
Rb2 Rd7 42. Bd4+ Ke6 43. Rdb1 Rff7 44. Ke2 Rc7 45. Rb6 Rcd7 46. R1b3 g5 47. hxg5
Kf5 48. Rh3 Kxg5 49. Rbb3 Rh7 50. Rbg3+ Kf5 51. Rg8 c5 52. Bxc5 d4 53. Rhg3 h4
54. R3g5+ Kf6 55. R8g6+ Kf7 56. Rb6 h3 57. Rf5+ Kg7 58. Bf8+ Kh8 59. Bh6 d3+ 60.
Ke3 Rhe7 61. Kd2 hxg2 62. Rg5 Re5 63. Rxg2 Rxa5 64. Bf4 Ra2+ 65. Kc3 Rc2+ 66.
Kb3 Rc6 67. Rxc6 bxc6 68. Kc3 Rf7 69. Be3 1-0

[Event "50th Rilton Cup 2022-23"]
[Site "Stockholm SWE"]
[Date "2023.01.04"]
[Round "8.31"]
[White "Derakhshani, Borna"]
[Black "Stefanou, Dimitrios"]
[Result "1/2-1/2"]
[WhiteTitle "FM"]
[WhiteElo "2400"]
[BlackElo "2266"]
[WhiteFideId "12518450"]
[BlackFideId "25825011"]
[EventDate "2022.12.27"]

1. Nf3 Nf6 2. c4 b6 3. g3 c5 4. Bg2 Bb7 5. O-O g6 6. b3 Bg7 7. Bb2 O-O 8. d4
cxd4 9. Qxd4 d6 10. Qd1 Nbd7 11. Nc3 Rc8 12. Ne1 Bxg2 13. Nxg2 a6 14. e3 Qc7 15.
Qe2 Qb7 16. Nf4 Rfe8 17. Rad1 Rb8 18. Ncd5 b5 19. Nxf6+ Bxf6 20. Bxf6 Nxf6 21.
Nd5 Nd7 22. cxb5 axb5 23. e4 e6 24. Nf4 Nc5 25. Rfe1 Red8 26. h4 Qe7 27. Qb2 Nd7
28. Kg2 Qf6 29. Qxf6 Nxf6 30. Re2 b4 31. Kf3 Nd7 32. Red2 Nc5 33. Ke2 Ra8 34.
Rc1 Ra6 35. Nd3 Nxd3 36. Kxd3 Rda8 37. Rcc2 h5 38. Ke3 Kg7 39. Rc4 Rb6 40. Rcd4
Rd8 41. Rc2 Ra8 42. Rcd2 Raa6 43. Rc4 Ra7 44. Rdd4 Rab7 1/2-1/2

[Event "50th Rilton Cup 2022-23"]
[Site "Stockholm SWE"]
[Date "2023.01.04"]
[Round "8.32"]
[White "Vestby-Ellingsen, Mads"]
[Black "Rakshitta, Ravi"]
[Result "1-0"]
[WhiteTitle "IM"]
[BlackTitle "WIM"]
[WhiteElo "2389"]
[BlackElo "2242"]
[WhiteFideId "1520857"]
[BlackFideId "25073230"]
[EventDate "2022.12.27"]

1. e4 e5 2. Nf3 Nc6 3. Bc4 Nf6 4. d4 exd4 5. e5 Ne4 6. Bd5 Nc5 7. Nxd4 Nxd4 8.
Qxd4 c6 9. Bc4 d5 10. exd6 Qxd6 11. Be3 Qxd4 12. Bxd4 Be6 13. Nd2 Bxc4 14. Nxc4
Ne6 15. O-O-O Be7 16. Be3 a6 17. Bb6 Rb8 18. Nd6+ Bxd6 19. Rxd6 O-O 20. Rd7 Rfe8
21. Rhd1 c5 22. Ba7 Rbc8 23. Rxb7 Nf4 24. g3 Ne2+ 25. Kb1 Nd4 26. c3 Nf3 27. a4
h5 28. Rd5 Re1+ 29. Ka2 c4 30. Be3 Re8 31. Rxh5 g6 32. Rd5 Ne5 33. Rd4 Rc8 34.
Re4 f6 35. Rd4 a5 36. Rd6 Nd3 37. Rxf6 Rd8 38. Rxg6+ Kh8 39. Rh6+ Kg8 40. Rg6+
Kh8 41. Rgg7 Re8 42. Rh7+ Kg8 43. Rbg7+ Kf8 44. Bh6 1-0

[Event "50th Rilton Cup 2022-23"]
[Site "Stockholm SWE"]
[Date "2023.01.04"]
[Round "8.33"]
[White "Trost, Edvin"]
[Black "Aditya, Varun Gampa"]
[Result "1/2-1/2"]
[WhiteTitle "FM"]
[WhiteElo "2380"]
[BlackElo "2249"]
[WhiteFideId "1729519"]
[BlackFideId "45066183"]
[EventDate "2022.12.27"]

1. d4 Nf6 2. c4 e6 3. Nf3 d5 4. g3 dxc4 5. Bg2 a6 6. O-O Nc6 7. Nbd2 b5 8. Ne5
Nxe5 9. Bxa8 Qxd4 10. a4 Bd6 11. axb5 axb5 12. Ne4 Qxd1 13. Rxd1 Nxe4 14. Bxe4
Ke7 15. f4 Ng4 16. Bf3 Bc5+ 17. Kg2 Nf6 18. Ra8 Re8 19. Bc6 Bd7 20. Rxd7+ Nxd7
21. Rxe8+ Kxe8 22. Bxb5 c3 23. bxc3 Ke7 24. Kf3 Nb6 25. g4 f6 26. Bd3 h6 27. Bc2
Nd7 28. Ke4 Bd6 29. h3 Bc5 30. Bb1 Nb6 31. Ba2 Kd6 32. Bd2 c6 33. Kf3 Nd5 34. e4
Ne7 35. Bc1 Kd7 36. Kg3 Bd6 37. Kf3 Ng6 38. Bb1 e5 39. f5 Nf4 40. h4 Bc5 41. Bc2
Ke7 42. Bb2 Kd7 43. g5 hxg5 44. hxg5 fxg5 45. c4 Kd6 46. Kg4 Bb6 47. Kxg5 Bd8+
48. Kg4 Bf6 49. Ba3+ c5 50. Ba4 Ng2 51. Bb5 Nf4 52. Bc1 Nd3 53. Bd2 Nf2+ 54. Kf3
Nd3 55. Ba5 Nf4 56. Bb6 Be7 57. Ba4 Nd3 58. Kg3 Nb2 59. Bb3 Nd3 60. Ba5 Nb4 1/2-1/2

[Event "50th Rilton Cup 2022-23"]
[Site "Stockholm SWE"]
[Date "2023.01.04"]
[Round "8.34"]
[White "Vagman, Roy"]
[Black "Wagh, Suyog"]
[Result "1-0"]
[WhiteTitle "FM"]
[BlackTitle "FM"]
[WhiteElo "2255"]
[BlackElo "2376"]
[WhiteFideId "2828995"]
[BlackFideId "25071688"]
[EventDate "2022.12.27"]

1. e4 c5 2. Nf3 d6 3. Bb5+ Nd7 4. Ba4 Nf6 5. O-O e6 6. d3 Be7 7. c4 O-O 8. Nc3
b6 9. d4 cxd4 10. Nxd4 Bb7 11. Bc6 Qc8 12. Bxb7 Qxb7 13. Re1 a6 14. b3 Ne5 15.
Bb2 Nc6 16. Nxc6 Qxc6 17. Qe2 Rfe8 18. e5 dxe5 19. Qxe5 Bf8 20. h3 Rad8 21. Rad1
h6 22. Ne2 Qb7 23. Qf4 Qe4 24. Qc1 Qh4 25. Be5 Bc5 26. Ng3 Rc8 27. Rd3 b5 28.
Rf3 Nh5 29. Ne4 f5 30. Nxc5 Rxc5 31. Bd6 Rcc8 32. c5 Nf6 33. Qa3 Rc6 34. Rf4 Qg5
35. h4 Qh5 36. b4 Ne4 37. Be5 Rd8 38. Qb3 Rd5 39. Ba1 a5 40. a3 Kh7 41. f3 Nd2
42. Qc3 Qg6 43. Re2 Nc4 44. Rd4 Rxd4 45. Qxd4 axb4 46. axb4 Ra6 47. Bc3 Qg3 48.
h5 Qc7 49. f4 Qf7 50. Re1 Qb7 51. Rd1 Qc7 52. Qd7 Ra7 53. Qxe6 Qf7 54. Qxf7 Rxf7
55. c6 Nb6 56. Be5 Rf8 57. c7 Kg8 58. Rd8 Kf7 59. Bd4 Nc8 60. Rd7+ Ke6 61. Rxg7
Re8 62. Rg6+ Kd5 63. Be5 Kc4 64. Rxh6 Kxb4 65. Rg6 Kc5 66. h6 1-0

[Event "50th Rilton Cup 2022-23"]
[Site "Stockholm SWE"]
[Date "2023.01.04"]
[Round "8.35"]
[White "Dobrikov, Marco"]
[Black "Sawatzki, Frank"]
[Result "1-0"]
[WhiteTitle "FM"]
[BlackTitle "FM"]
[WhiteElo "2228"]
[BlackElo "2369"]
[WhiteFideId "12950378"]
[BlackFideId "4613600"]
[EventDate "2022.12.27"]

1. e4 c6 2. Nc3 d5 3. Nf3 Bg4 4. h3 Bxf3 5. Qxf3 e6 6. d3 Nf6 7. Bd2 Qb6 8.
O-O-O d4 9. Ne2 a5 10. g4 a4 11. a3 Na6 12. g5 Nd7 13. h4 c5 14. h5 c4 15. g6
hxg6 16. hxg6 Ne5 17. gxf7+ Kd7 18. Qg2 Rxh1 19. Qxh1 cxd3 20. Nxd4 Rc8 21. Bc3
Rxc3 22. bxc3 Bxa3+ 23. Kd2 dxc2 24. Bb5+ Kc7 25. Kxc2 Nxf7 26. Qh7 Nd6 27.
Qxg7+ Kb8 28. Rb1 Ka8 29. Bd3 Nb4+ 30. cxb4 Bxb4 31. Ne2 Qc5+ 32. Kd1 e5 33.
Qg8+ Ka7 34. Qd5 1-0

[Event "50th Rilton Cup 2022-23"]
[Site "Stockholm SWE"]
[Date "2023.01.04"]
[Round "8.36"]
[White "Aarav, Dengla"]
[Black "Mierins, Emils Janis"]
[Result "1-0"]
[WhiteTitle "FM"]
[WhiteElo "2357"]
[BlackElo "2118"]
[WhiteFideId "45059756"]
[BlackFideId "11616830"]
[EventDate "2022.12.27"]

1. e4 c5 2. Nf3 e6 3. d4 cxd4 4. Nxd4 a6 5. Bd3 Ne7 6. Nc3 Nbc6 7. Be3 Nxd4 8.
Bxd4 Nc6 9. Be3 d5 10. exd5 exd5 11. Ne2 Bd6 12. c3 O-O 13. Qc2 h6 14. O-O-O Be6
15. Kb1 Qa5 16. Nd4 Nxd4 17. Bxd4 b5 18. Bf5 Qc7 19. Rhe1 Rfe8 20. Re3 Bf4 21.
Rf3 Rab8 22. Bxe6 fxe6 23. Qg6 e5 24. Be3 b4 25. cxb4 Bxe3 26. fxe3 Qd7 27. Rdf1
Re7 28. Rf6 e4 29. R6f2 d4 30. exd4 Qxd4 31. Qxa6 Qxb4 32. Rc2 Reb7 33. Qe6+ Kh8
34. Rd1 Rf8 35. Re2 Qa4 36. Rc1 Qd4 37. Qc4 Qe5 38. h3 Rfb8 39. Qc3 Qb5 40. Rce1
Qg5 41. Rc2 Qd5 42. Rd2 Qf5 43. b3 Qf7 44. Kb2 Qe7 45. Qd4 Rb4 46. Qd6 Qf7 47.
Qd5 Qf6+ 48. Kb1 Qc3 49. Ree2 Rf8 50. Rd1 Rfb8 51. Rdd2 Rf8 52. Rd1 Rfb8 53. Rb2
Qe3 54. Qd2 Qg3 55. Qf2 Qc3 56. Qd2 Qg3 57. Qf2 Qc3 58. Rc1 Qd3+ 59. Qc2 Qg3 60.
Qc3 Qd6 61. Rd2 Qe6 62. Kb2 Qb6 63. Rd7 Qg6 64. Rc2 Kh7 65. Qc6 Qg3 66. Qe6 Kh8
67. Rdc7 Qf4 68. Rc8+ Kh7 69. Qg8+ Kg6 70. R8c6+ Kg5 71. Qxg7+ 1-0

[Event "50th Rilton Cup 2022-23"]
[Site "Stockholm SWE"]
[Date "2023.01.04"]
[Round "8.37"]
[White "Arhan, Chethan Anand"]
[Black "Lahdelma, Henri"]
[Result "1/2-1/2"]
[BlackTitle "FM"]
[WhiteElo "2112"]
[BlackElo "2332"]
[WhiteFideId "45062510"]
[BlackFideId "510394"]
[EventDate "2022.12.27"]

1. e4 c6 2. d4 d5 3. exd5 cxd5 4. Bd3 Nc6 5. c3 Qc7 6. Ne2 Bg4 7. O-O Nf6 8. Qe1
e6 9. f3 Bh5 10. Qh4 Bg6 11. Bxg6 fxg6 12. Nf4 Kf7 13. Nd3 e5 14. dxe5 Nxe5 15.
Nxe5+ Qxe5 16. Bf4 Bc5+ 17. Kh1 Qf5 18. Nd2 Qc2 19. Rac1 Qxb2 20. Rb1 Qxc3 21.
Rb3 Qa5 22. Rxb7+ Be7 23. Re1 Rhe8 24. Nb3 Qa6 25. Nc5 Qc6 26. Rc7 Qxc5 27. Rxc5
Bxc5 28. h3 h6 29. Bd2 Rxe1+ 30. Qxe1 Re8 31. Qc1 Bb6 32. a4 Bd4 33. Qb1 Re7 34.
Qd3 Bf2 35. Kh2 Bc5 36. h4 Rd7 37. g4 Bd6+ 38. Kh3 Bc7 39. Qb5 Ke7 40. Qc5+ Bd6
41. Qc2 Kf7 42. Qc6 Ke6 43. Bb4 Ke7 44. Ba5 Bf4 45. Bb4+ Kf7 46. Qb5 d4 47. g5
hxg5 48. hxg5 Rd5 49. Qb7+ Rd7 50. Qb5 Rd5 51. Qb7+ Rd7 52. Qb5 Rd5 1/2-1/2

[Event "50th Rilton Cup 2022-23"]
[Site "Stockholm SWE"]
[Date "2023.01.04"]
[Round "8.38"]
[White "Van Dael, Siem"]
[Black "Soderstrom, Adrian"]
[Result "1/2-1/2"]
[WhiteTitle "FM"]
[BlackTitle "CM"]
[WhiteElo "2345"]
[BlackElo "2202"]
[WhiteFideId "1049771"]
[BlackFideId "1745786"]
[EventDate "2022.12.27"]

1. e4 e5 2. Nf3 Nc6 3. Bc4 Nf6 4. d3 Bc5 5. Nc3 d6 6. Bg5 h6 7. Bxf6 Qxf6 8. Nd5
Qd8 9. c3 a5 10. d4 Ba7 11. dxe5 Nxe5 12. Nxe5 dxe5 13. Qh5 O-O 14. Qxe5 Re8 15.
Qf4 Qd6 16. O-O-O Qxf4+ 17. Nxf4 Bg4 18. f3 Bxf3 19. gxf3 Be3+ 20. Kc2 Bxf4 21.
Rd7 Rf8 22. h4 g6 23. Re1 Rae8 24. Red1 h5 25. a4 Kg7 26. b4 Ra8 27. Kb3 b6 28.
R1d5 axb4 29. cxb4 Bg3 30. e5 c6 31. R5d6 b5 32. axb5 cxb5 33. Bd3 Kg8 34. Rd5
Rae8 35. Rxb5 Rxe5 36. Rb6 Re3 37. Kc4 Rxf3 38. Bxg6 Rc8+ 1/2-1/2

[Event "50th Rilton Cup 2022-23"]
[Site "Stockholm SWE"]
[Date "2023.01.04"]
[Round "8.40"]
[White "Deuer, Marius"]
[Black "Ostlund, Joar"]
[Result "1-0"]
[WhiteTitle "FM"]
[BlackTitle "CM"]
[WhiteElo "2324"]
[BlackElo "2212"]
[WhiteFideId "16236432"]
[BlackFideId "1735020"]
[EventDate "2022.12.27"]

1. d4 d5 2. c4 e6 3. Nc3 Be7 4. cxd5 exd5 5. Bf4 c6 6. e3 Bf5 7. Nge2 Nd7 8. f3
Ngf6 9. Ng3 Bg6 10. Bd3 Bxd3 11. Qxd3 O-O 12. O-O Re8 13. Rad1 Qb6 14. b3 Rad8
15. Kh1 Bb4 16. Nce2 c5 17. Qb1 Qa6 18. dxc5 Nxc5 19. Nd4 Ne6 20. Be5 Nd7 21.
Nxe6 Qxe6 22. Bb2 Bd6 23. Nf5 Be5 24. Bxe5 Qxe5 25. Rfe1 Nf6 26. Nd4 g6 27. Kg1
h5 28. Qb2 Rd7 29. Qf2 Rde7 30. Qh4 Kg7 31. Re2 Qd6 32. Rde1 Re5 33. Qg3 Qb6 34.
h4 Nd7 35. Qf2 Nc5 36. Rd1 Kh7 37. Qe1 Qf6 38. Qc3 Ne6 39. Nb5 Ng7 40. Rxd5 Qf5
41. Nd6 Rxd5 42. Nxf5 Nxf5 43. e4 Rd6 44. Rd2 Rc6 45. Qb4 Nxh4 46. Qxb7 Rf6 47.
Qxa7 g5 48. Rd6 Rf4 49. Rd7 Kg7 50. Qd4+ Kg6 51. Rd8 Rxd8 52. Qxd8 Rf6 53. b4
Rc6 54. Qd2 g4 55. f4 Kh7 56. b5 Rc5 57. Qb2 Ng6 58. b6 Nxf4 59. b7 Nd3 60. Qb1 1-0

[Event "50th Rilton Cup 2022-23"]
[Site "Stockholm SWE"]
[Date "2023.01.04"]
[Round "8.41"]
[White "Bellon Lopez, Juan Manuel"]
[Black "Lever, Erwan"]
[Result "0-1"]
[WhiteTitle "GM"]
[WhiteElo "2314"]
[BlackElo "2241"]
[WhiteFideId "2200031"]
[BlackFideId "20640099"]
[EventDate "2022.12.27"]

1. d4 Nf6 2. Bf4 c5 3. e3 Qb6 4. Nc3 Qxb2 5. Nb5 Nd5 6. a3 a6 7. Rb1 Qa2 8. Ra1
Qb2 9. Rb1 Qa2 10. Qc1 axb5 11. Ra1 Qxa1 12. Qxa1 e5 13. dxe5 c4 14. Qd4 Nxf4
15. Qxf4 Bxa3 16. c3 Nc6 17. Ne2 Bb2 18. f3 Ra2 19. Qe4 O-O 20. Qc2 b4 21. cxb4
b5 22. Qd2 Nxe5 23. Nc3 Bxc3 24. Qxc3 Re8 25. Qd4 Nc6 26. Qc5 Re5 27. Qb6 Ra6
28. Qc7 Rxe3+ 29. Be2 Re8 30. O-O Ra7 31. Qd6 Rxe2 32. Rd1 h6 33. Rd2 Ra1+ 34.
Rd1 Re6 0-1

[Event "50th Rilton Cup 2022-23"]
[Site "Stockholm SWE"]
[Date "2023.01.04"]
[Round "8.42"]
[White "Buchenau, Frank"]
[Black "Dixit, Nikhil"]
[Result "1-0"]
[WhiteTitle "FM"]
[BlackTitle "FM"]
[WhiteElo "2218"]
[BlackElo "2306"]
[WhiteFideId "4604350"]
[BlackFideId "5059534"]
[EventDate "2022.12.27"]

1. e4 e6 2. d4 d5 3. Nc3 Nf6 4. e5 Nfd7 5. f4 c5 6. Nf3 Nc6 7. Be3 a6 8. Ne2 b5
9. a3 Qb6 10. c3 a5 11. Qd2 a4 12. dxc5 Bxc5 13. Bxc5 Nxc5 14. Ned4 Nxd4 15.
Nxd4 Bd7 16. Bd3 Nb3 17. Nxb3 axb3 18. Qf2 Qxf2+ 19. Kxf2 Ra4 20. Ke3 Ke7 21.
Rhf1 f6 22. Rae1 Bc6 23. Bb1 f5 24. Rd1 g5 25. Rd4 g4 26. Bd3 Rha8 27. Rd1 Rxd4
28. Kxd4 Ra4+ 29. Kc5 Kd7 30. g3 Ra8 31. Be2 h5 32. Bxb5 Bxb5 33. Kxb5 Rb8+ 34.
Ka4 Kc6 35. Rd4 h4 36. Rb4 Rh8 37. Kxb3 hxg3 38. hxg3 Rh3 39. a4 Rxg3 40. a5 Rh3
41. Rb6+ Kd7 42. Rb7+ Kc6 43. Re7 d4 44. Kc4 dxc3 45. b4 1-0

[Event "50th Rilton Cup 2022-23"]
[Site "Stockholm SWE"]
[Date "2023.01.04"]
[Round "8.44"]
[White "Ask, Josef"]
[Black "Shohat, Yotam"]
[Result "0-1"]
[WhiteTitle "FM"]
[BlackTitle "FM"]
[WhiteElo "2202"]
[BlackElo "2294"]
[WhiteFideId "1704583"]
[BlackFideId "2813955"]
[EventDate "2022.12.27"]

1. Nf3 Nf6 2. g3 g6 3. Bg2 Bg7 4. O-O O-O 5. d3 d5 6. Nbd2 c5 7. e4 Nc6 8. Re1
e6 9. c3 a5 10. a4 b6 11. Qc2 Ba6 12. Bf1 Rc8 13. Nb3 h6 14. exd5 exd5 15. d4
Bxf1 16. Rxf1 c4 17. Nbd2 Re8 18. Re1 Qd7 19. Kg2 Rxe1 20. Nxe1 Re8 21. Nef3 Ne4
22. Nf1 Re6 23. h3 Rf6 24. N1h2 g5 25. b3 cxb3 26. Qb2 Ne7 27. Ra3 Ng6 28. Be3
Rc6 29. Rxb3 Qc7 30. Bd2 f5 31. Be1 h5 32. Nf1 g4 33. Ng1 f4 34. hxg4 hxg4 35.
Nh2 f3+ 36. Kh1 Bxd4 37. Nxg4 Qh7+ 38. Nh2 Ne5 39. cxd4 Rh6 40. Nxf3 Nxf3 41.
Kg2 Nxe1+ 42. Kf1 Rxh2 43. Kxe1 Rxf2 0-1

[Event "50th Rilton Cup 2022-23"]
[Site "Stockholm SWE"]
[Date "2023.01.04"]
[Round "8.45"]
[White "Harshad, S"]
[Black "Shaik, Sumer Arsh"]
[Result "1-0"]
[WhiteTitle "FM"]
[BlackTitle "CM"]
[WhiteElo "2202"]
[BlackElo "2290"]
[WhiteFideId "46616551"]
[BlackFideId "45020000"]
[EventDate "2022.12.27"]

1. e4 e5 2. Nf3 Nc6 3. Bb5 a6 4. Ba4 Nf6 5. O-O b5 6. Bb3 Bc5 7. c3 d6 8. a4 Rb8
9. d4 Bb6 10. a5 Ba7 11. h3 Bb7 12. Be3 Nxe4 13. d5 Bxe3 14. dxc6 Nxf2 15. Qe2
Nxh3+ 16. Kh1 Nf2+ 17. Rxf2 Bxf2 18. Qxf2 Bxc6 19. Nxe5 Bxg2+ 20. Kg1 O-O 21.
Nxf7 Qe7 22. Kxg2 Rxf7 23. Qxf7+ Qxf7 24. Bxf7+ Kxf7 25. Nd2 Re8 26. Rf1+ Kg6
27. Kf2 h5 28. Rg1+ Kf6 29. Kf3 g6 30. Ne4+ Kg7 31. Nf2 Kh6 32. Nd3 c5 33. Rd1
Rf8+ 34. Kg3 Rf6 35. Nf2 Re6 36. Kf3 Rf6+ 37. Ke3 g5 38. Ne4 Rf5 39. Rxd6+ Kg7
40. Rxa6 h4 41. Nf2 Re5+ 42. Kf3 Rf5+ 43. Kg2 Rf4 44. Rb6 g4 45. Rxb5 g3 46. Nh3
Re4 47. Ng1 Rf4 48. Nf3 Re4 49. Nxh4 Rxh4 50. Kxg3 Rc4 51. Kf3 Kf6 52. Ke3 Ke6
53. Kd3 Kd5 54. b4 Rh4 55. Rxc5+ Kd6 56. Kc2 Rh2+ 57. Kb3 1-0

[Event "50th Rilton Cup 2022-23"]
[Site "Stockholm SWE"]
[Date "2023.01.04"]
[Round "8.46"]
[White "Mahitosh, Dey"]
[Black "Mertanen, Janne"]
[Result "1/2-1/2"]
[WhiteTitle "FM"]
[BlackTitle "FM"]
[WhiteElo "2134"]
[BlackElo "2269"]
[WhiteFideId "25091468"]
[BlackFideId "501875"]
[EventDate "2022.12.27"]

1. b3 c5 2. Bb2 Nc6 3. c4 e5 4. Nc3 d6 5. g3 g6 6. Bg2 Bg7 7. Nd5 Nge7 8. d3 O-O
9. e3 Rb8 10. Ne2 b5 11. O-O a6 12. f4 f5 13. Qc2 Nb4 14. Nxb4 cxb4 15. c5 Bb7
16. cxd6 Qxd6 17. fxe5 Bxe5 18. Bxb7 Bxb2 19. Qxb2 Rxb7 20. Nf4 Rc7 21. Rac1
Rfc8 22. Rxc7 Rxc7 23. e4 Rc3 24. exf5 Nxf5 25. Qe2 Qc5+ 26. Qf2 Qxf2+ 27. Rxf2
Nd4 28. Nd5 Rc1+ 29. Rf1 a5 30. Ne7+ Kg7 31. Rxc1 Ne2+ 32. Kf1 Nxc1 33. Nc6 Nxd3
34. Nxa5 Nc1 35. Nc6 Nxa2 36. Nd4 Kf6 37. Ke2 Ke5 38. Ke3 Nc1 39. g4 g5 40. Nf3+
Kd5 41. Nxg5 h6 42. Nf7 Nxb3 43. Nxh6 Nd4 44. Nf5 Nxf5+ 45. gxf5 Ke5 46. Kd3 1/2-1/2

[Event "50th Rilton Cup 2022-23"]
[Site "Stockholm SWE"]
[Date "2023.01.04"]
[Round "8.47"]
[White "Gomez Aguirre, Juan Alberto"]
[Black "Ruiz Buendia, Miguel"]
[Result "1/2-1/2"]
[BlackTitle "FM"]
[WhiteElo "2108"]
[BlackElo "2257"]
[WhiteFideId "54587867"]
[BlackFideId "24537675"]
[EventDate "2022.12.27"]

1. d4 d5 2. c4 c6 3. cxd5 cxd5 4. Bf4 Nc6 5. e3 Nf6 6. Nc3 Bf5 7. Qb3 Na5 8.
Bb5+ Bd7 9. Bxd7+ Qxd7 10. Qb5 Nc6 11. Nf3 a6 12. Qe2 e6 13. Ne5 Nxe5 14. dxe5
Ne4 15. Nxe4 dxe4 16. O-O Rc8 17. Rac1 Be7 18. Rc4 Rxc4 19. Qxc4 Qc6 20. Rc1 g5
21. Bg3 Qxc4 22. Rxc4 Kd7 23. Kf1 h5 24. f3 exf3 25. gxf3 Rc8 26. Rxc8 Kxc8 27.
Ke2 Kd7 28. Kd3 Kc6 29. e4 Bc5 30. h3 Bg1 31. Be1 Bc5 32. Bg3 h4 33. Be1 Be7 34.
Bc3 Kd7 35. Bd4 Kc6 36. Bc3 Bd8 37. Bd2 Kc5 38. Bc3 Bc7 39. b4+ Kc6 40. a3 Kd7
41. Bd4 Ke8 42. Ke2 a5 43. Bc3 axb4 44. axb4 Kf8 45. Kf1 Kg7 46. Bd4 Kg6 47. Ke2
Bb8 48. Ke3 Bc7 49. Ke2 Bb8 50. Ke3 1/2-1/2

[Event "50th Rilton Cup 2022-23"]
[Site "Stockholm SWE"]
[Date "2023.01.04"]
[Round "8.48"]
[White "Koykka, Pekka"]
[Black "Goh, Zi Han"]
[Result "1/2-1/2"]
[WhiteTitle "IM"]
[BlackTitle "CM"]
[WhiteElo "2351"]
[BlackElo "2126"]
[WhiteFideId "504319"]
[BlackFideId "5819156"]
[EventDate "2022.12.27"]

1. d4 d5 2. c4 c6 3. cxd5 cxd5 4. Bg5 Nc6 5. Nc3 f6 6. Bh4 e6 7. e3 Qb6 8. Qd2
Bd6 9. Bd3 Nge7 10. Nge2 Bd7 11. Bg3 Bxg3 12. hxg3 h6 13. Rc1 Kf7 14. Nf4 Rac8
15. Qc2 g5 16. Ng6 Nxg6 17. Bxg6+ Kg7 18. Bh5 Ne7 19. O-O Qd6 20. Qd2 b5 21. Be2
b4 22. Nb1 a5 23. Qd3 Rc6 24. Nd2 a4 25. Nb1 Rhc8 26. Qd2 Rxc1 27. Rxc1 Rxc1+
28. Qxc1 Nc6 29. Qc2 Na5 30. Nd2 Qc6 31. Qxc6 Bxc6 32. a3 bxa3 33. bxa3 Kf7 34.
Nb1 e5 35. Nc3 exd4 36. exd4 Nb3 37. Bb5 Bxb5 38. Nxb5 Nd2 39. Nc3 Nc4 40. Nxd5
Nxa3 41. Nc3 Nc2 42. Nxa4 Nxd4 1/2-1/2

[Event "50th Rilton Cup 2022-23"]
[Site "Stockholm SWE"]
[Date "2023.01.04"]
[Round "8.49"]
[White "Guillo Longares, Cecilia"]
[Black "Kupervaser, Erez"]
[Result "1-0"]
[WhiteTitle "WFM"]
[BlackTitle "FM"]
[WhiteElo "1941"]
[BlackElo "2331"]
[WhiteFideId "32082681"]
[BlackFideId "2814587"]
[EventDate "2022.12.27"]

1. d4 Nf6 2. c4 e6 3. Nf3 Bb4+ 4. Bd2 a5 5. g3 O-O 6. Bg2 b6 7. O-O Bb7 8. Bf4
Be7 9. Nc3 Ne4 10. Qc2 Nxc3 11. bxc3 Qc8 12. e4 d6 13. Bh3 Nd7 14. Be3 Bf6 15.
Nd2 Qd8 16. f4 a4 17. Rab1 Ra5 18. Rb4 Qa8 19. Rb5 g6 20. Qd3 Bg7 21. e5 Bc6 22.
Rbb1 Qa6 23. Qe2 Rb8 24. Qf2 Nf8 25. g4 Be8 26. Bg2 Rd8 27. Qh4 Rc8 28. Qg3 Rd8
29. Qh4 Rc8 30. Qe7 b5 31. f5 dxe5 32. f6 Bh8 33. dxe5 Bc6 34. Ne4 Bxe4 35. Bxe4
c6 36. Rfd1 b4 37. Rxb4 1-0